Statistics for Venom quiz

Click here to take the quiz!

General Stats

  • This quiz has been taken 61 times
  • The average score is 10 of 17

Answer Stats

HintAnswer% Correct
What is Venom's alter ego?Eddie Brock
94%
Who will play Venom in the upcoming film?Tom Hardy
94%
Who is Venom's biggest enemy?Spiderman
88%
What colours are Venom ( alphabetical order )?Black and white
86%
Venom's weaknesses are fire andSonic waves
82%
Venom is known for having a long what?Tongue
72%
Who was the other villain in that film?Sandman
70%
What was Venoms first live action appearence?Spiderman 3
70%
In what month will Venom be released?October
64%
What is the name of the lifeform that created Venom?Symbiote
58%
What company does he own?Life Foundation
48%
Who owns Venom?Sony
46%
Who played that VenomTopher Grace
34%
Who is playing Carlton Drake in the Venom movie?Riz Ahmed
30%
Who is directing the Venom movie?Ruben Fleischer
16%
What is the home planet of the symbiotes?Klyntar
12%
Who was the first voice actor for Venom?Hank Azaria
6%

Score Distribution

Percentile by Number Answered

Percent of People with Each Score

Your Score History

You have not taken this quiz